Oui si Non - Statistiques

Statistiques générales
  • Ce quiz a été pris 432 fois
  • Le résultat moyen est 3 sur 6
Answers on the Grid
Answers color-coded by a green-red scale on the quiz's grid according to % correct below.
La France compte-t-elle plus de 60 millions d'habitants
La France a-t-elle déjà gagné la Coupe du monde ?
La France est-elle en Asie
La France est-elle plus grande que l’Algérie
La Pologne est-elle plus grande que Madagascar ?
Oui
NON
La Chine est-elle plus grande que les États-Unis
L'Allemagne a-t-elle une frontière avec la Pologne ?
Répondez-vous à ce quiz sur JETPUNK ?
 
Statistiques - réponses
Réponse % Correct
Oui
68%
La France a-t-elle déjà gagné la Coupe du monde ?
62%
Répondez-vous à ce quiz sur JETPUNK ?
60%
La France compte-t-elle plus de 60 millions d'habitants
56%
L'Allemagne a-t-elle une frontière avec la Pologne ?
52%
La Chine est-elle plus grande que les États-Unis
32%
Aucun quiz correspondant
Distribution des résultats
% des personnes avec chaque résultat
Percentile par nombre de réponses
Votre historique - résultats
Vous n’avez pas pris ce quiz